| 000 | 00839aam a2200253 4500 | ||
|---|---|---|---|
| 999 |
_c33402 _d33402 |
||
| 001 | 2599 | ||
| 003 | CO-MdFUSB | ||
| 005 | 20171116091106.0 | ||
| 008 | 170429t1997 sp ||||| |||| 00| 0 spa d | ||
| 020 | _a84-271-2100-8 | ||
| 040 |
_aCO-MdFUSB _bspa _cCO-MdFUSB _dCO-MdFUSBC _erda |
||
| 041 | 0 | _aspa | |
| 082 | 0 | 4 | _aG 225.8 D6746e |
| 100 | 1 |
_aDonahue, John R. _eautor |
|
| 245 | 1 | 3 |
_aEl evangelio como parábola _b : Metáfora, narrativa y teología en los evangelios sinópticos _c/ John R. Donahue ; Tomás Rodríguez, Traductor |
| 264 | 4 |
_aBilbao, España: _b Mensajero, _c© 1997 |
|
| 300 | _a303 Pag | ||
| 336 |
_2rdacontent _atexto _btxt |
||
| 337 |
_2rdamedia _asin mediación _bn |
||
| 338 |
_2rdacarrier _avolumen _bnc |
||
| 500 | _aTítulo original : The gospel in parable | ||
| 630 | 0 | 7 |
_aBiblia. _pNuevo Testamento |
| 942 | _cBK | ||